000 00517nam a2200205Ia 4500
005 20250425162839.0
008 250425s9999 xx 000 0 und d
020 _a9781119721406
041 _aeng
082 _a629.83
_pNIS
100 _aNise, Norman S.
245 0 _aControl systems engineering
_cNorman S. Nise
250 _a8th ed.
260 _aHoboken
_bWiley
_c2019
300 _a627 páginas
650 _aControl automático
650 _aIngeniería de sistemas
942 _c01
010 _a113419
999 _c237637
_d237637